Rhymes Sharing No Letters Quiz Stats

 Plays Quiz Updated Mar 19, 2012

Also try: Rhymes with 'Late'
Challenge
Share
Tweet
Embed
Score 0/10 Timer 05:00
0 Plays Today
Rhyme 1 Answer % Correct
Santa's transportation of choicesleigh - today
96.1%
Like jeans or the skyblue - shampoo
69.3%
An international race, grand _____prix - glee
67.5%
A panda's food of choicebamboo - stew
66.1%
A theatrical performanceplay - weigh
64.3%
A waiting line, in Londonqueue - kazoo
52.3%
To kneel and touch one's head to the floorkowtow - luau
48.8%
Part of the leg between the hip and the kneethigh - defy
34.9%
An arrangement of flowersbouquet - dismay
23.2%
Taunt boasted after a lie or trickpsych - trike
17.1%

You're not logged in!

Compare scores with friends on all Sporcle quizzes.
Join for Free
OR
Log In

You Might Also Like...

Show Comments

Extras

Top Quizzes Today


Score Distribution

Your Account Isn't Verified!

In order to create a playlist on Sporcle, you need to verify the email address you used during registration. Go to your Sporcle Settings to finish the process.

Report this User

Report this user for behavior that violates our Community Guidelines.

Details: